Zmeny v globálnej ekonomike v pokrízovom období záverečná správa o riešení projektu I-14-110-00 : doba riešenia 1. 1. 2014 - 31. 12. 2014

Na minha lista:
Detalhes bibliográficos
Autor principal: Dráb, Ján
Autor Corporativo: Obchodná fakulta EU. Katedra medzinárodného obchodu
Outros Autores: Harvánek, Lukáš, Repa, Marek, Baláž, Peter, Staněk, Peter
Formato: Livro
Idioma:eslovaco
Publicado em: Bratislava 2014
Edição:1. vyd.
Assuntos:
Tags: Adicionar Tag
Sem tags, seja o primeiro a adicionar uma tag!

MARC

LEADER 00000nam a2200000 4500
001 0213039
005 20241002132244.7
041 0 |a slo 
044 |a SK 
245 1 0 |a Zmeny v globálnej ekonomike v pokrízovom období  |b záverečná správa o riešení projektu I-14-110-00 : doba riešenia 1. 1. 2014 - 31. 12. 2014  |c zodpovedný riešiteľ: Ján Dráb, spoluriešitelia: Lukáš Harvánek, Marek Repa ; oponenti: Peter Baláž, Peter Staněk 
250 |a 1. vyd. 
264 1 |a Bratislava  |c 2014 
300 |a [40 s.] 
610 2 0 |a kríza finančná 
610 2 0 |a metódy štatistické 
610 2 0 |a zdroje informačné elektronické 
610 2 0 |a ekonometria 
610 2 0 |a hospodárstvo svetové 
610 2 0 |a Čína 
100 1 |a Dráb, Ján 
700 1 |a Harvánek, Lukáš 
700 1 |a Repa, Marek 
700 1 |a Baláž, Peter 
700 1 |a Staněk, Peter 
710 2 |a Obchodná fakulta EU. Katedra medzinárodného obchodu